[Event "POL-chT3"]
[Site "Jastrzebia Gora POL"]
[Date "2015.??.??"]
[Round "7.72"]
[White "Olechnicka, Karolina"]
[Black "Bukowska, Katarzyna"]
[Result "1-0"]
[WhiteElo "1747"]
[BlackElo "1923"]
[EventDate "2015.??.??"]
[WhiteTitle "k++"]
[BlackTitle "k++"]

1.e4 e5 2.Nf3 Nc6 3.d4 exd4 4.Bc4 Nf6 5.e5 d5 6.Bb5 Ne4 7.Nxd4 Bd7 8.Bxc6 
bxc6 9.O-O Bc5 10.Be3 Bb6 11.f3 Ng5 12.Qd3 h6 13.Nb3 Qe7 14.Nc3 Bf5 15.Qd2
Ne6 16.Na4 Bxe3+ 17.Qxe3 O-O 18.c3 Bc2 19.Nac5 Nxc5 20.Nxc5 Rab8 21.b4 a5 
22.Rf2 Bf5 23.Rb2 Rfd8 24.Rd1 Qg5 25.Qd4 Rb6 26.Re2 Qg6 27.bxa5 Rb5 28.a4 
Rbb8 29.a6 Bc8 30.a7 Ra8 31.Nb3 c5 32.Qxc5 Qb6 33.Qxb6 cxb6 34.Red2 Rxa7 
35.Rxd5 Rxd5 36.Rxd5 Be6 37.Rb5 Rxa4 38.Rxb6 Ra3 39.Nd4 Bc4 40.Kf2 Ra2+ 
41.Kg1 Ra1+ 42.Kf2 Ra2+ 43.Ke3 Rxg2 44.h4 Rh2 45.Rc6 Ba2 46.Rc8+ Kh7 47.c4
Rxh4 48.c5 Rh1 49.c6 Rc1 50.c7 h5 51.Ra8 Rxc7 52.Rxa2 g6 53.f4 Kg7 54.Ke4 
Rd7 55.f5 gxf5+ 56.Nxf5+ Kh7 57.Rh2 Ra7 58.Rxh5+ Kg8 59.Nd6 Ra4+ 60.Kf5 
Ra1 61.Kf6 Ra7 62.Rg5+ Kf8 63.Rg7 1-0

[Event "POL-chT3"]
[Site "Jastrzebia Gora POL"]
[Date "2015.??.??"]
[Round "7.73"]
[White "Kaczmarek, Aleksander"]
[Black "Myc, Marcin"]
[Result "1-0"]
[WhiteElo "2294"]
[BlackElo "2315"]
[EventDate "2015.??.??"]
[WhiteTitle "FM"]
[BlackTitle "m"]

1.e4 c6 2.d4 d5 3.e5 Bf5 4.Ne2 e6 5.Ng3 Bg6 6.h4 h5 7.Ne2 c5 8.Nf4 Nc6 9.
Nxg6 fxg6 10.Bd3 Nge7 11.Bg5 Qb6 12.dxc5 Qxb2 13.Nd2 Qxe5+ 14.Kf1 O-O-O 
15.Rh3 Qc7 16.Qe1 e5 17.c4 d4 18.Ne4 Nf5 19.Bxd8 Nxd8 20.Rb1 Ne6 21.c6 
bxc6 22.c5 Nxc5 23.Nxc5 Bxc5 24.Ba6+ Kd8 25.Rb7 Qd6 26.Rhb3 Bb6 27.a4 Re8 
28.a5 Bc5 29.Rb8+ Ke7 30.R3b7+ Kf8 31.Rxe8+ Kxe8 32.Qb1 Qd5 33.Bd3 Nd6 34.
Rxg7 Kf8 35.Rd7 Qe6 36.Rc7 e4 37.Qc1 Qe5 38.Qh6+ Ke8 39.Qh7 Kf8 40.Bc4 1-0

[Event "POL-chT3"]
[Site "Jastrzebia Gora POL"]
[Date "2015.??.??"]
[Round "7.74"]
[White "Lukasik, Adam"]
[Black "Bakalarz, Leszek"]
[Result "1-0"]
[WhiteElo "2003"]
[BlackElo "2124"]
[EventDate "2015.??.??"]
[WhiteTitle "I"]
[BlackTitle "FM"]

1.Nf3 c5 2.c4 Nc6 3.d4 cxd4 4.Nxd4 Nf6 5.Nc3 e6 6.a3 d5 7.cxd5 exd5 8.Bg5 
Be7 9.e3 O-O 10.Be2 Be6 11.O-O h6 12.Bh4 Qd7 13.Bb5 a6 14.Ba4 b5 15.Ncxb5 
axb5 16.Bxb5 Rfc8 17.Rc1 Nxd4 18.Bxd7 Rxc1 19.Qxd4 Rxf1+ 20.Kxf1 Bxd7 21.
Bxf6 Bxf6 22.Qxd5 Rd8 23.Qb7 Be6 24.a4 Bc4+ 25.Ke1 Bd5 26.Qb5 Bxg2 27.Ke2 
Be4 28.a5 Rc8 29.a6 Kh7 30.f3 Bg6 31.a7 Rc2+ 32.Kd1 Bxb2 33.a8=Q Rxh2 34.
e4 Bh5 35.Qf5+ Bg6 36.Qfc8 Bh5 37.Qg8+ Kg6 38.Qc6+ f6 39.Qce8+ Kg5 40.
Qxg7+ Kh4 41.Qxh5+ 1-0

[Event "POL-chT3"]
[Site "Jastrzebia Gora POL"]
[Date "2015.??.??"]
[Round "7.75"]
[White "Harazinska, Ewa"]
[Black "Kurpiewski, Slawomir"]
[Result "1/2-1/2"]
[WhiteElo "2055"]
[BlackElo "2020"]
[EventDate "2015.??.??"]
[WhiteTitle "WFM"]
[BlackTitle "k"]

1.d4 Nf6 2.Nf3 g6 3.c4 Bg7 4.Nc3 d6 5.e4 O-O 6.Be2 e5 7.O-O Nc6 8.d5 Ne7 
9.b4 Nh5 10.Re1 f5 11.Ng5 Nf6 12.Bf3 h6 13.Ne6 Bxe6 14.dxe6 fxe4 15.Nxe4 
Nxe4 16.Bxe4 c6 17.Qb3 Rf6 18.Rd1 Rxe6 19.Qh3 Rf6 20.Bxh6 Bxh6 21.Qxh6 Qf8
22.Qg5 Qf7 23.h4 Rf8 24.h5 Qxc4 25.Rxd6 Rxd6 26.Qxe7 Qf7 27.Qxd6 Qxf2+ 28.
Kh1 Qh4+ 29.Kg1 Qf2+ 30.Kh1 Qh4+ 31.Kg1 Qf2+ 1/2-1/2

[Event "POL-chT3"]
[Site "Jastrzebia Gora POL"]
[Date "2015.??.??"]
[Round "7.76"]
[White "Czapla, Andrzej"]
[Black "Jedras, Piotr"]
[Result "0-1"]
[WhiteElo "1930"]
[BlackElo "2030"]
[EventDate "2015.??.??"]
[WhiteTitle "I"]
[BlackTitle "I+"]

1.Nf3 d6 2.c4 f5 3.d4 Nf6 4.Nc3 e6 5.g3 Be7 6.Bg2 O-O 7.O-O a5 8.a3 Qe8 9.
Bg5 Ne4 10.Bxe7 Nxc3 11.bxc3 Qxe7 12.Qd3 Nc6 13.e4 e5 14.d5 Nb8 15.exf5 
Bxf5 16.Qe3 Nd7 17.Nh4 Bc2 18.Be4 Bb3 19.Qe2 Qg5 20.Bc2 Bxc2 21.Qxc2 Qg4 
22.Rab1 b6 23.Qa2 g5 24.f3 Qh5 25.Ng2 Rxf3 26.Rxf3 Qxf3 27.Qd2 Qf5 28.Rf1 
Qg6 29.Ne3 Rf8 30.Rxf8+ Nxf8 31.Qf2 Qb1+ 32.Kg2 Qe4+ 33.Kg1 Qb1+ 34.Kg2 
Qe4+ 35.Kg1 Ng6 36.h3 h5 37.a4 h4 38.Ng4 Qb1+ 39.Kg2 hxg3 40.Kxg3 Nf4 41.
Nh2 Qd3+ 42.Kg4 Qxh3+ 43.Kxg5 Qh5+ 44.Kf6 Qf7+ 0-1

[Event "POL-chT3"]
[Site "Jastrzebia Gora POL"]
[Date "2015.??.??"]
[Round "7.77"]
[White "Koziej, Maciej"]
[Black "Szczygiel, Konrad"]
[Result "0-1"]
[WhiteElo "1985"]
[BlackElo "1815"]
[EventDate "2015.??.??"]
[WhiteTitle "I++"]
[BlackTitle "I"]

1.e4 c6 2.d4 d5 3.e5 Bf5 4.Nc3 e6 5.g4 Bg6 6.Nge2 Bb4 7.h4 Be4 8.Rh3 h5 9.
g5 Bf5 10.Rg3 Ne7 11.Nf4 g6 12.a3 Ba5 13.Be2 Nd7 14.b4 Bc7 15.Na4 Nxe5 16.
dxe5 Bxe5 17.Ra2 Qc7 18.Qd2 a5 19.b5 O-O 20.b6 Qd6 21.Rb3 c5 22.c4 Nc6 0-1

[Event "POL-chT3"]
[Site "Jastrzebia Gora POL"]
[Date "2015.??.??"]
[Round "7.78"]
[White "Waszczuk, Patrycja"]
[Black "Harazinska, Magdalena"]
[Result "1-0"]
[WhiteElo "1926"]
[BlackElo "1819"]
[EventDate "2015.??.??"]
[WhiteTitle "I++"]
[BlackTitle "I++"]

1.e4 c5 2.Nf3 a6 3.c4 e6 4.d4 cxd4 5.Nxd4 d6 6.Bd3 Nf6 7.Qe2 Qc7 8.O-O Nc6
9.Nxc6 bxc6 10.f4 Nd7 11.Nc3 Be7 12.Bd2 O-O 13.Kh1 Bb7 14.Rae1 Bf6 15.b3 
g6 16.Nd1 Bg7 17.Bc3 e5 18.f5 Rad8 19.Ne3 d5 20.cxd5 cxd5 21.Bb4 dxe4 22.
Bxa6 Qb6 23.Bb5 Nc5 24.a4 Nd3 25.Bxf8 Bxf8 26.Nc4 Qd4 27.Rb1 Bc5 28.fxg6 
hxg6 29.Na5 Ba8 30.Nc6 Bxc6 31.Bxc6 e3 32.Bb5 Nf2+ 33.Kg1 Qd2 34.Rbc1 Qb4 
35.Qc4 Qxc4 36.Bxc4 e2 1-0

[Event "POL-chT3"]
[Site "Jastrzebia Gora POL"]
[Date "2015.??.??"]
[Round "7.79"]
[White "Niekras, Dawid"]
[Black "Snihur, Piotr"]
[Result "1/2-1/2"]
[WhiteElo "2097"]
[BlackElo "2246"]
[EventDate "2015.??.??"]
[WhiteTitle "k"]
[BlackTitle "k"]

1.e4 c5 2.Nf3 e6 3.d4 cxd4 4.Nxd4 Nc6 5.Nc3 Qc7 6.Be3 a6 7.Bd3 Nf6 8.O-O 
Ne5 9.Nf3 Neg4 10.Bd2 d6 11.a4 b6 12.Qe2 Bb7 13.Rae1 Be7 14.h3 Ne5 15.Nxe5
dxe5 16.f4 O-O 17.f5 exf5 18.Rxf5 g6 19.Rf3 Nh5 20.Bc4 Kg7 21.Nd5 Bc5+ 22.
Kh2 Bxd5 23.Bxd5 Ra7 24.b4 Bd6 25.Qf2 Nf4 26.Bb3 Re8 27.Rf1 Re7 28.g3 Ne6 
29.Qe3 Qd8 30.Qh6+ Kg8 31.Bg5 Nxg5 32.Qxg5 Qa8 33.Qd2 Qc6 34.b5 axb5 35.
axb5 Qc5 36.Rf6 Rad7 37.Rd1 Kg7 38.Rxd6 Rxd6 39.Qxd6 Qf2+ 40.Kh1 Qf3+ 41.
Kh2 1/2-1/2

[Event "POL-chT3"]
[Site "Jastrzebia Gora POL"]
[Date "2015.??.??"]
[Round "7.80"]
[White "Szadkowski, Kamil"]
[Black "Stachowiak, Slawomir"]
[Result "1-0"]
[WhiteElo "2216"]
[BlackElo "1926"]
[EventDate "2015.??.??"]
[WhiteTitle "k+"]
[BlackTitle "I"]

1.e4 e5 2.Nf3 Nc6 3.Bb5 a6 4.Ba4 Nf6 5.d4 Nxd4 6.Nxd4 exd4 7.e5 Ne4 8.O-O 
Nc5 9.Qxd4 Nxa4 10.Qxa4 Be7 11.Qg4 g6 12.Bh6 d5 13.Qd4 Be6 14.Nc3 Qd7 15.
Rad1 c5 16.Qf4 Qc6 17.Bg7 g5 18.Qf3 Rg8 19.Bf6 Bxf6 20.Qxf6 d4 21.Ne2 Bc4 
22.Qxc6+ bxc6 23.Rfe1 O-O-O 24.Ng3 Kb7 25.Ne4 Kb6 26.b3 Bd5 27.Nf6 Rh8 28.
f3 h5 29.Kf2 Be6 30.Rd2 c4 31.bxc4 c5 32.Ne4 Bxc4 33.Nxg5 Bxa2 34.c3 Bc4 
35.Rb2+ Ka7 36.cxd4 cxd4 37.Rc1 Rc8 38.Rb4 Bb5 39.Rxc8 Rxc8 40.Rxd4 Rc2+ 
41.Kg3 Bf1 42.Nxf7 Rxg2+ 43.Kf4 Rxh2 44.Kg5 Rh3 45.f4 Be2 46.f5 Rg3+ 47.
Kf6 Rg4 48.Rd2 Bb5 49.e6 h4 50.Nd6 Ba4 51.e7 h3 52.Rh2 Rd4 53.Ke5 Rd3 54.
f6 Bc6 55.f7 Re3+ 56.Kf6 Rf3+ 57.Nf5 Bd7 58.e8=Q Rxf5+ 59.Kg6 1-0

[Event "POL-chT3"]
[Site "Jastrzebia Gora POL"]
[Date "2015.??.??"]
[Round "7.81"]
[White "Bajerlein, Dawid"]
[Black "Szadkowski, Krzysztof"]
[Result "0-1"]
[WhiteElo "2060"]
[BlackElo "2107"]
[EventDate "2015.??.??"]
[WhiteTitle "k"]
[BlackTitle "k"]

1.d4 Nf6 2.c4 g6 3.g3 Bg7 4.Bg2 O-O 5.Nc3 d6 6.Nf3 Nbd7 7.O-O e5 8.h3 a6 
9.e4 exd4 10.Nxd4 Ne5 11.b3 c5 12.Nc2 Rb8 13.a4 Nc6 14.Ra2 Ne8 15.Nd5 b5 
16.axb5 axb5 17.Nce3 Nd4 18.Bb2 bxc4 19.bxc4 Nc7 20.Nxc7 Qxc7 21.Nd5 Qb7 
22.Bxd4 Bxd4 23.e5 Kg7 24.exd6 Qd7 25.Qf3 Qxd6 26.Re1 Ba6 27.Ne3 Rfe8 28.
Qd5 Qf6 29.Qc6 Bxc4 30.Ra7 Re6 31.Qc7 Rb2 32.Qf4 Bb3 33.Qxf6+ Rxf6 34.Ng4 
Rfxf2 35.Nxf2 Bxf2+ 36.Kf1 Bxe1 0-1

[Event "POL-chT3"]
[Site "Jastrzebia Gora POL"]
[Date "2015.??.??"]
[Round "7.82"]
[White "Kwiatkowski, Wiktor"]
[Black "Bernat, Marcin"]
[Result "1/2-1/2"]
[WhiteElo "1941"]
[BlackElo "2105"]
[EventDate "2015.??.??"]
[WhiteTitle "I"]
[BlackTitle "k"]

1.e4 e6 2.Nf3 d5 3.Nc3 Nf6 4.e5 Nfd7 5.d4 c5 6.Ne2 cxd4 7.Nexd4 Nc6 8.Bf4 
Qb6 9.c3 Be7 10.Be2 Nc5 11.O-O O-O 12.Qc2 f6 13.Nxc6 Qxc6 14.exf6 Bxf6 15.
Ne5 Bxe5 16.Bxe5 Nd7 17.Bg3 Nf6 18.Bf3 b5 19.Rfe1 a5 20.Rad1 Bd7 21.Rd4 
Be8 22.Qe2 Ra6 23.Qe5 Bg6 24.Bh4 Kh8 25.Rf4 Nd7 26.Rxf8+ Nxf8 27.Bg4 Bf7 
28.Be2 Ra8 29.Bd3 Bg6 30.Be2 Re8 31.h3 Nd7 32.Qe3 h6 33.Bg4 Nc5 34.Be2 a4 
35.Bf6 gxf6 36.Qxh6+ Bh7 37.Qxf6+ Kg8 38.Qg5+ Kf8 39.Qf6+ Kg8 40.Qg5+ Kf8 
1/2-1/2

[Event "POL-chT3"]
[Site "Jastrzebia Gora POL"]
[Date "2015.??.??"]
[Round "7.83"]
[White "Rozumek, Krzysztof"]
[Black "Matlewski, Adam"]
[Result "1-0"]
[WhiteElo "1936"]
[BlackElo "1802"]
[EventDate "2015.??.??"]
[WhiteTitle "I++"]
[BlackTitle "I"]

1.Nf3 Nf6 2.b3 c5 3.Bb2 e6 4.e3 d5 5.Bb5+ Bd7 6.Bxd7+ Nbxd7 7.d3 Bd6 8.
Nbd2 O-O 9.c4 Qc7 10.O-O Rad8 11.Qc2 b6 12.Rac1 dxc4 13.Nxc4 Ng4 14.Nxd6 
Qxd6 15.h3 Nge5 16.Nxe5 Nxe5 17.d4 cxd4 18.Bxd4 Ng6 19.Rfd1 Rc8 20.Qxc8 
Rxc8 21.Rxc8+ Nf8 22.Rdc1 e5 23.R1c6 Qd5 24.Bb2 Qa5 25.Bc3 Qb5 26.Rd6 f6 
27.Rdd8 Kf7 28.Rxf8+ Kg6 29.Rc7 Qd5 30.Rff7 Qd1+ 31.Kh2 Qe2 32.Rxg7+ Kf5 
33.Rg3 b5 34.Rc6 Qxa2 35.Rf3+ Ke4 36.Rfxf6 Qxb3 37.Rfe6 b4 38.Rxe5+ Kd3 
39.Bd4 Qa2 40.Rc1 Qd2 41.Ra1 Qxf2 42.Rxa7 b3 43.Rb7 1-0

[Event "POL-chT3"]
[Site "Jastrzebia Gora POL"]
[Date "2015.??.??"]
[Round "7.84"]
[White "Miturova, Magdalena"]
[Black "Kupsik, Joanna"]
[Result "1-0"]
[WhiteElo "2173"]
[BlackElo "1727"]
[EventDate "2015.??.??"]
[WhiteTitle "WFM"]
[BlackTitle "I"]

1.e4 e5 2.Nf3 Nc6 3.Bb5 a6 4.Ba4 Nf6 5.O-O b5 6.Bb3 Bc5 7.c3 Bb6 8.d4 exd4
9.e5 Ne4 10.cxd4 O-O 11.Bd5 Re8 12.Bxe4 d5 13.Bxh7+ Kxh7 14.Qc2+ Kg8 15.
Qxc6 Bf5 16.Bg5 Re6 17.Qxe6 1-0

[Event "POL-chT3"]
[Site "Jastrzebia Gora POL"]
[Date "2015.??.??"]
[Round "7.85"]
[White "Marszalek, Maciej"]
[Black "Suliborski, Jakub"]
[Result "1/2-1/2"]
[WhiteElo "2330"]
[BlackElo "2071"]
[EventDate "2015.??.??"]
[WhiteTitle "m"]
[BlackTitle "I++"]

1.Nf3 c5 2.c4 Nc6 3.Nc3 g6 4.g3 Bg7 5.Bg2 Nh6 6.O-O d6 7.d3 Nf5 8.Bd2 h5 
9.h4 Nfd4 10.Nxd4 cxd4 11.Ne4 Bg4 12.b4 Qd7 13.b5 Ne5 14.Bf4 Bh3 15.Bxe5 
Bxe5 16.Bxh3 Qxh3 17.Qe1 Qd7 18.f4 Bg7 19.Qf2 f5 20.Ng5 Bf6 21.Nf3 e5 22.
Rae1 O-O 23.e3 dxe3 24.Rxe3 exf4 25.gxf4 Rae8 26.Rfe1 Qd8 27.Rxe8 Rxe8 28.
Rxe8+ Qxe8 29.Qxa7 Bxh4 30.Nxh4 Qe1+ 31.Kg2 Qxh4 32.Qb8+ Kg7 33.Qxb7+ Kh6 
34.Qf3 Qd8 35.Kh3 Qb6 36.a4 Qa7 37.Qg3 Kg7 38.Qe1 Qd4 39.Qf1 g5 40.fxg5 
Qg4+ 41.Kh2 f4 42.Qe1 h4 43.Qe7+ Kg8 44.Qe8+ Kg7 1/2-1/2

[Event "POL-chT3"]
[Site "Jastrzebia Gora POL"]
[Date "2015.??.??"]
[Round "7.86"]
[White "Kowalec, Maciej"]
[Black "Weissbein, Thomas"]
[Result "1-0"]
[WhiteElo "2005"]
[BlackElo "2260"]
[EventDate "2015.??.??"]
[WhiteTitle "k"]
[BlackTitle "k+"]

1.Nf3 d6 2.d4 g6 3.c4 Bg7 4.Nc3 Nf6 5.g3 O-O 6.Bg2 Nbd7 7.O-O e5 8.e4 c6 
9.Rb1 exd4 10.Nxd4 Re8 11.Re1 a5 12.h3 Nc5 13.b3 d5 14.cxd5 Nxd5 15.exd5 
Rxe1+ 16.Qxe1 Bxd4 17.Be3 Nd3 18.Qd2 Bxe3 19.Qxe3 Nb4 20.dxc6 bxc6 21.Rd1 
Qf8 22.Ne4 f5 23.Nc5 f4 24.gxf4 Bf5 25.a3 Re8 26.Qc3 Na2 27.Qd4 Qg7 28.Qd6
Qe7 29.Bxc6 Qxd6 30.Rxd6 Re1+ 31.Kg2 Rc1 32.Bd5+ Kg7 33.Ne6+ Kf6 34.Nd4+ 
Kg7 35.Nxf5+ gxf5 36.Rd7+ Kg6 37.Bf7+ Kf6 38.Bd5 Rc5 39.b4 axb4 40.Bxa2 
bxa3 41.Rd6+ Kg7 42.Rd3 Ra5 43.Rd5 Rxd5 44.Bxd5 Kg6 45.Kf3 Kh5 46.Bf7+ Kh4
47.Be6 h5 48.Ke3 Kxh3 49.Bxf5+ Kg2 50.Be6 h4 51.f5 h3 52.f6 h2 53.f7 h1=Q 
54.Bd5+ Kf1 55.Bxh1 a2 56.f8=Q a1=Q 57.f4 Qc3+ 58.Ke4 Qc6+ 59.Ke5 Qxh1 60.
Qc8 Qh6 61.Qc1+ Kf2 62.Qd2+ Kf1 63.Qd3+ Kf2 64.Qd4+ Kf1 65.f5 Qg7+ 66.f6 
Qg5+ 67.Ke6 Qg6 68.Qa1+ Ke2 69.Qb2+ Kd1 70.Qd4+ Kc1 71.Qf4+ Kb2 72.Ke7 Qc2
73.Qe5+ Kb1 74.f7 Qh7 75.Ke8 Qg6 76.Ke7 Qh7 77.Qe6 Qh4+ 78.Qf6 Qb4+ 79.Ke6
Qf8 80.Kd7 Ka2 81.Qe7 Qb8 82.f8=Q 1-0

[Event "POL-chT3"]
[Site "Jastrzebia Gora POL"]
[Date "2015.??.??"]
[Round "7.87"]
[White "Widla, Piotr"]
[Black "Parol, Pawel"]
[Result "0-1"]
[WhiteElo "2009"]
[BlackElo "2039"]
[EventDate "2015.??.??"]
[WhiteTitle "I++"]
[BlackTitle "I++"]

1.e4 e6 2.d4 d5 3.Nc3 Nf6 4.Bg5 Be7 5.e5 Nfd7 6.h4 a6 7.Bxe7 Qxe7 8.Qg4 f5
9.Qf4 c5 10.dxc5 Nxc5 11.g4 O-O 12.O-O-O Nc6 13.Nf3 Ne4 14.Rh2 Bd7 15.Bd3 
Nb4 16.gxf5 Rxf5 17.Qg4 Nxc3 18.bxc3 Nxd3+ 19.Rxd3 Raf8 20.Rg2 Be8 21.Qg3 
Bg6 22.Re3 Rxf3 23.Rxf3 Rxf3 24.Qxf3 Be4 25.Qg3 Bxg2 26.Qxg2 Qxh4 27.c4 
Qf4+ 28.Kb1 Qxe5 29.cxd5 Qxd5 30.Qg3 h6 31.Qb8+ Kh7 32.f4 h5 33.Qc7 h4 34.
Qe7 Qd1+ 35.Kb2 Qd4+ 36.Kb1 Qxf4 37.Qxe6 Qf1+ 0-1

[Event "POL-chT3"]
[Site "Jastrzebia Gora POL"]
[Date "2015.??.??"]
[Round "7.88"]
[White "Jozwik, Jacek"]
[Black "Olesiak, Marcin"]
[Result "0-1"]
[WhiteElo "2012"]
[BlackElo "1971"]
[EventDate "2015.??.??"]
[WhiteTitle "I"]
[BlackTitle "I+"]

1.d4 d5 2.c4 e6 3.Nf3 Nf6 4.g3 Bb4+ 5.Bd2 Be7 6.Bg2 O-O 7.O-O dxc4 8.Qc2 
b5 9.a4 c6 10.axb5 Bb7 11.Qxc4 cxb5 12.Qxb5 Bc6 13.Qa5 Qc8 14.Bb4 Bd8 15.
Qa3 Re8 16.Rc1 Qb7 17.Nbd2 a5 18.Bc5 Na6 19.Nc4 Bc7 20.Bd6 Bd8 21.Nxa5 
Bxa5 22.Qxa5 Bd5 23.Ba3 Ne4 24.Ne1 Nac5 25.Qb4 Nb3 26.Qxb7 Bxb7 27.Rc7 
Nxa1 28.Rxb7 Nd2 29.Nd3 Nc2 30.Rc7 Rac8 31.Rxc8 Rxc8 32.Bc5 Nb3 33.e3 e5 
34.Bh3 Nxc5 35.dxc5 Rc7 36.Nxe5 Rxc5 37.Nd3 Rb5 38.Bf1 Rb3 39.Kg2 Nb4 40.
Ne5 Kf8 41.Nxf7 Rxb2 42.Ng5 h6 43.Ne4 Nc2 44.Kf3 Ne1+ 45.Kg4 Rb4 46.Kf5 
Kf7 47.h4 g6+ 48.Ke5 Nf3+ 49.Kd5 Rxe4 50.Kxe4 Nd2+ 51.Ke5 Nxf1 52.g4 Nh2 
53.Kf4 Ke6 54.e4 Nf1 55.f3 Nd2 56.Ke3 Nc4+ 57.Kf4 Kf6 58.g5+ hxg5+ 59.
hxg5+ Ke6 60.Kg4 Ke5 61.Kg3 Ne3 62.Kf2 Kf4 63.Ke2 Nc4 64.Kd3 Ne5+ 65.Kd4 
Nxf3+ 66.Kd5 Nxg5 67.e5 Kf5 0-1

[Event "POL-chT3"]
[Site "Jastrzebia Gora POL"]
[Date "2015.??.??"]
[Round "7.89"]
[White "Popiol, Michal"]
[Black "Suliborski, Artur"]
[Result "1/2-1/2"]
[WhiteElo "1931"]
[BlackElo "1884"]
[EventDate "2015.??.??"]
[WhiteTitle "II+"]
[BlackTitle "I"]

1.d4 f5 2.c4 Nf6 3.Nf3 d6 4.Nc3 g6 5.Bf4 Bg7 6.Qb3 c5 7.dxc5 e5 8.Bg3 f4 
9.Bh4 dxc5 10.Nxe5 O-O 11.Nd3 h6 12.Bxf6 Qxf6 13.Nd5 Qd6 14.g3 f3 15.e3 
Nc6 16.O-O-O Na5 17.Qc2 Bf5 18.h3 b5 19.g4 Be4 20.Nc3 Bxc3 21.Qxc3 Nxc4 
22.Nf4 Qa6 23.Bxc4+ bxc4 24.a3 Rad8 25.Qe5 Rde8 26.Rd6 Qa5 27.Re6 c3 28.
Rxe8 cxb2+ 29.Kxb2 Qb5+ 30.Ka1 Rxe8 31.Ne6 Qd7 32.Qxe4 Rxe6 33.Qc4 Kf7 34.
Rc1 Qd2 35.Rc2 Qd1+ 36.Rc1 Qd2 37.Rc2 Qd1+ 38.Ka2 g5 39.Qxc5 Re7 40.Qf5+ 
Kg7 41.Qc5 Rd7 42.e4 Rb7 43.Qe5+ Kh7 44.Rc7+ Rxc7 45.Qxc7+ Kg6 46.Qc6+ Kg7
47.Qb7+ Kg6 48.Qa6+ Kf7 49.Qxa7+ Kg8 50.Qb8+ Kh7 51.Qc8 Qe2+ 52.Kb3 Qxf2 
53.Qd7+ 1/2-1/2

[Event "POL-chT3"]
[Site "Jastrzebia Gora POL"]
[Date "2015.??.??"]
[Round "7.90"]
[White "Murawko, Katarzyna"]
[Black "Wesolowska, Hanna"]
[Result "1-0"]
[WhiteElo "1977"]
[BlackElo "1994"]
[EventDate "2015.??.??"]
[WhiteTitle "k"]
[BlackTitle "WFM"]

1.e4 e5 2.Nf3 Nc6 3.Bb5 a6 4.Ba4 Nf6 5.d3 Bc5 6.c3 d6 7.O-O O-O 8.Nbd2 Ba7
9.Bc2 h6 10.Re1 Qe8 11.Nf1 Ne7 12.h3 Ng6 13.d4 Bd7 14.Ng3 Nh7 15.Nf5 f6 
16.Nh2 Kh8 17.Be3 Ne7 18.h4 Bxf5 19.exf5 exd4 20.Bxd4 c5 21.Be3 Qd7 22.Qf3
d5 23.Rad1 Rfd8 24.Bc1 Nc6 25.Ng4 Rac8 26.Bb3 Ne7 27.Bxd5 Nxd5 28.c4 Qa4 
29.cxd5 h5 30.Nh2 Qxa2 31.Qxh5 Bb8 32.Re7 Bd6 33.Rxb7 Bf8 34.Qf7 Qb1 35.g4
Re8 36.Rf1 Qe4 37.Bh6 1-0

[Event "POL-chT3"]
[Site "Jastrzebia Gora POL"]
[Date "2015.??.??"]
[Round "7.91"]
[White "Zochowski, Kacper"]
[Black "Maciol, Ryszard"]
[Result "1-0"]
[WhiteElo "2230"]
[BlackElo "2205"]
[EventDate "2015.??.??"]
[WhiteTitle "k"]
[BlackTitle "k"]

1.e4 e6 2.d4 d5 3.Nc3 Bb4 4.e5 b6 5.Qg4 Bf8 6.h4 Ba6 7.Bxa6 Nxa6 8.Qe2 Nb8
9.h5 h6 10.f4 Nc6 11.Nf3 Nge7 12.g4 Qd7 13.Be3 O-O-O 14.O-O-O Na5 15.b3 
Kb7 16.Nh4 Nc8 17.f5 Be7 18.fxe6 Qxe6 19.Nf5 Ba3+ 20.Kb1 Rhg8 21.Qf3 a6 
22.Bc1 Bxc1 23.Kxc1 Nc6 24.Rhf1 Rd7 25.Ne2 N6e7 26.Ne3 Rf8 27.Nf4 Qc6 28.
Nf5 Rg8 29.Qd3 Rdd8 30.Kb1 Qd7 31.Rde1 Rde8 32.Qf3 c6 33.Nd3 Nxf5 34.gxf5 
f6 35.Qg4 Qc7 36.Qg6 fxe5 37.dxe5 c5 38.Nf4 Ne7 39.Qh7 Rh8 40.Qxg7 Nxf5 
41.Qxc7+ Kxc7 42.Nxd5+ Kc6 43.Nf6 Ng3 44.Rf3 Rhf8 45.Ree3 1-0

[Event "POL-chT3"]
[Site "Jastrzebia Gora POL"]
[Date "2015.??.??"]
[Round "7.92"]
[White "Fudalej, Michal"]
[Black "Smieszek, Wojciech"]
[Result "1/2-1/2"]
[WhiteElo "2215"]
[BlackElo "2154"]
[EventDate "2015.??.??"]
[WhiteTitle "FM"]
[BlackTitle "k"]

1.Nf3 Nf6 2.c4 g6 3.Nc3 Bg7 4.g3 b6 5.Bg2 Bb7 6.O-O O-O 7.Qc2 c5 8.e4 Nc6 
9.d3 e6 10.Rd1 Rc8 11.e5 Ng4 12.Bg5 Qc7 13.Nb5 Qb8 14.Nd6 Ngxe5 15.Nxe5 
Qxd6 16.Nxc6 Bxc6 17.Bf4 Qd4 18.Rd2 Bxg2 19.Kxg2 d5 20.Qa4 Qf6 21.Re1 Qe7 
22.cxd5 Qb7 23.f3 Qxd5 24.Qxa7 b5 25.Be3 Rfd8 26.Rc1 Bd4 27.Bxd4 Qxd4 28.
Qb7 Qb4 29.Re2 Qa5 30.a3 Rc7 31.Qe4 Rd5 32.Rec2 Qa7 33.Rc3 Rcd7 34.Qe3 Kg7
35.Rxc5 Rxd3 36.Qe5+ f6 37.Qxe6 Re7 38.Qc8 Rd2+ 39.Kh3 Rdd7 40.R1c2 Qa5 
41.Re2 Rf7 42.Re8 Qd2 43.Rg8+ Kh6 44.Qb8 Rd4 45.g4 Rf4 46.Kg3 g5 47.Qb6 
Qd1 1/2-1/2

[Event "POL-chT3"]
[Site "Jastrzebia Gora POL"]
[Date "2015.??.??"]
[Round "7.94"]
[White "Halamus-bulska, Agata"]
[Black "Czaplewska, Klara"]
[Result "0-1"]
[WhiteElo "2058"]
[BlackElo "1914"]
[EventDate "2015.??.??"]
[WhiteTitle "k"]
[BlackTitle "I++"]

1.e4 e5 2.Nf3 Nc6 3.g3 Nf6 4.Nc3 d5 5.exd5 Nxd5 6.Bg2 Be6 7.O-O Be7 8.Re1 
Nxc3 9.bxc3 Qd6 10.a4 Bf6 11.Ba3 Qd7 12.Rb1 O-O-O 13.Qe2 Bd5 14.Qb5 Nb8 
15.Qa5 Nc6 16.Qb5 Nb8 17.Qb4 Rde8 18.c4 Bc6 19.d3 h5 20.h4 e4 21.dxe4 Rxe4
22.Rxe4 Bxe4 23.Ne5 Qf5 24.f3 Qxe5 25.fxe4 b6 26.Qe1 g5 27.Kh1 gxh4 28.Bb2
Qe6 29.Qf1 Nd7 30.Bxf6 Nxf6 31.e5 Ng4 32.c5 Qxe5 33.Rd1 c6 34.Bxc6 Kc7 35.
Qf3 Nf2+ 36.Qxf2 Kxc6 37.Rd6+ Kc7 38.Qxf7+ Kb8 39.Qf3 Qxg3 40.Qf1 Qe5 41.
Qd3 Qe1+ 42.Kh2 Qg3+ 43.Qxg3 hxg3+ 44.Kxg3 Kc7 45.Rg6 h4+ 46.Kh3 bxc5 47.
Rg7+ Kb6 48.Rg6+ Ka5 49.Rg5 Rh6 50.Rxc5+ Kb6 51.Rc3 0-1

[Event "POL-chT3"]
[Site "Jastrzebia Gora POL"]
[Date "2015.??.??"]
[Round "7.95"]
[White "Dmochowska, Agnieszka"]
[Black "Lozynski, Kamil"]
[Result "1-0"]
[WhiteElo "1973"]
[BlackElo "1903"]
[EventDate "2015.??.??"]
[WhiteTitle "WCM"]
[BlackTitle "I"]

1.e4 e6 2.d4 d5 3.Nd2 Nf6 4.e5 Ne4 5.Nxe4 dxe4 6.Bc4 c5 7.d5 Nd7 8.dxe6 
fxe6 9.Bxe6 Qe7 10.Bf5 Qxe5 11.Qh5+ Kd8 12.Qh4+ Nf6 13.Bxc8 Kxc8 14.Qh3+ 
Kc7 15.Ne2 Bd6 16.Bf4 Qe7 17.O-O-O Rad8 18.Rxd6 Rxd6 19.Qa3 Kb6 20.Bxd6 
Qxd6 21.Rd1 Qe6 22.Nc3 Rc8 23.Na4+ Kb5 24.b3 Qe5 25.c4+ Kc6 26.b4 b6 27.
Nc3 cxb4 28.Qa4+ Kb7 29.Nb5 Ra8 30.Kc2 Qc5 31.Nd6+ Kc7 32.Qa6 Qxd6 33.Rxd6
Kxd6 34.Qb7 Re8 35.Qxg7 Ke5 36.Qxa7 Re6 37.h3 Kd4 38.Qf7 Rc6 39.Kd2 h5 40.
g4 hxg4 41.hxg4 Rd6 42.Qe7 Kc5+ 43.Kc2 Kc6 44.g5 Nd7 45.Qxe4+ Kc7 46.g6 
Nc5 47.Qe5 Kd7 48.Qxd6+ 1-0

[Event "POL-chT3"]
[Site "Jastrzebia Gora POL"]
[Date "2015.??.??"]
[Round "7.96"]
[White "Botor, Michalina"]
[Black "Burakowska, Gabriela"]
[Result "1/2-1/2"]
[WhiteElo "1813"]
[BlackElo "1783"]
[EventDate "2015.??.??"]
[WhiteTitle "I++"]
[BlackTitle "I++"]

1.c4 c5 2.Nc3 b6 3.Nf3 Bb7 4.e3 e6 5.d4 cxd4 6.exd4 Nf6 7.Be2 Be7 8.O-O 
O-O 9.Bg5 d5 10.cxd5 Nxd5 11.Bxe7 Qxe7 12.Bc4 Nxc3 13.bxc3 Rc8 14.Qd3 Nd7 
15.Bb3 Nf6 16.Rfe1 a5 17.a4 Rd8 18.Ne5 Rac8 19.Re3 Nd5 20.Rh3 h6 21.Bc2 f5
22.Qd2 Qg5 23.Qxg5 hxg5 24.Bb3 Nf4 25.Re3 Rd6 26.g3 Nh3+ 27.Kf1 f4 28.gxf4
Nxf4 29.Rae1 Ng2 30.Rg3 Nf4 31.Ree3 Ba6+ 32.Ke1 b5 33.axb5 Bxb5 34.Rxg5 a4
35.Ba2 Be8 36.Reg3 Rc7 37.Nc4 Ra6 38.Kd2 Bc6 39.Rc5 Rb7 40.Rg4 Nd5 41.Kc2 
a3 42.Rg3 Ba4+ 43.Kc1 Rc7 44.Rxc7 Nxc7 45.Nxa3 Bc6 46.c4 Ra8 47.Kd2 Rd8 
48.Kc3 Rf8 49.f3 Bxf3 50.Nb5 Na6 51.c5 Bd5 52.Bxd5 exd5 53.Kb3 Rc8 54.Nd6 
Nxc5+ 55.dxc5 Rxc5 56.Nf5 Rc7 57.Rd3 g6 58.Nd4 Rh7 59.Rd2 Rh4 60.Nc2 Kg7 
61.Nb4 Rh3+ 62.Kc2 d4 63.Nd5 g5 64.Kd1 Kg6 65.Ne7+ Kf6 66.Nc6 d3 67.Nb4 g4
68.Rg2 Kf5 69.Kd2 g3 70.hxg3 Kg4 71.Nxd3 Rxg3 72.Re2 Kh4 73.Rf2 Kg5 74.Ke2
1/2-1/2

[Event "POL-chT3"]
[Site "Jastrzebia Gora POL"]
[Date "2015.??.??"]
[Round "7.98"]
[White "Badyra, Wasyl"]
[Black "Chmiel, Marcin"]
[Result "0-1"]
[WhiteElo "2030"]
[BlackElo "2086"]
[EventDate "2015.??.??"]
[WhiteTitle "I"]
[BlackTitle "I++"]

1.e4 c5 2.Nf3 Nc6 3.Bb5 Qb6 4.Nc3 e6 5.O-O Nge7 6.Re1 a6 7.Bxc6 Nxc6 8.d3 
Be7 9.Rb1 O-O 10.Bf4 d6 11.h3 Bd7 12.Ne2 f5 13.e5 d5 14.d4 Be8 15.Bg5 Bxg5
16.Nxg5 Nxd4 17.Nxd4 cxd4 18.Nf3 Bh5 19.Qxd4 Qc6 20.Nd2 f4 21.c4 Rad8 22.
c5 Qc7 23.f3 g5 24.b4 Be8 25.Ra1 Ba4 26.Nb1 Rf5 27.Nc3 Qd7 28.Kf2 h5 29.
Rac1 Rdf8 30.Ne4 dxe4 31.Qxe4 Bc6 32.Qc2 Qd4+ 0-1